000 00453nam a2200169Ia 4500
005 20250508150436.0
008 008 250505s9999 xx 000 0 eng d
037 _aTextual
040 _aFEDL
_beng
_cFEDL
041 _aeng
_2eng
084 _a512.7, LON
_qFEDL
245 0 _aTeaching of algebra in schools
245 0 _cLondon, Mathematical Association
300 _a111p.
942 _cTEXL
_h512.7, LON
999 _c1323674
_d1323674